000 00303nam a2200145Ia 4500
100 _aCadenhead/ Rogers
942 _cBK
654 _acomputer
245 _aT.Y. Java 1.2. in 24 hours
260 _bTechmedia
_c1998
082 _a005.133'J'
_bCAD
300 _a429
546 _aENGLISH
999 _c19749
_d19749